000 00526nam a2200181Ia 4500
008 151018s9999 xx 000 0 und d
082 _bRBASDV5935
_a891.463
100 _aदेवेश दास
245 _aरक्तराग
250 _b1
260 _bव्हीनस प्रकाशन पुणे
_c1965
300 _a270
600 _aदेवेश दास
630 _aरक्तराग
700 _aदेवेश दास
730 _aरक्तराग
942 _cBOOK
999 _c1008316
_d1008313